000 007920000a22001930004500
020 _a9968-894-04-4
041 0 _aSPA
082 0 4 _aG 265.8 H517e
100 1 _aHenning, Stevan J.
245 1 0 _aEsperanza en medio de la crisis : Lo que la Biblia enseña acerca del sufrimiento / Stevan J. Henning
260 _aCosta Rica : Confraternidad Latinoamericana de Iglesias Reformadas
300 _a131 Pag
505 0 0 _a- La certeza de la aflicción - La incertidumbre de la vida - ¿Por qué la tribulación? - Lo que le interesa a Dios - La contemplación de Dios - Vivir a la luz de su Tesoro - El auto-examen - Cómo ayudar al que sufre
001 9664
942 _cBK
999 _c39561
_d39561
336 _atexto
_btxt
_2rdacontent
337 _2rdamedia
_asin mediación
_bn
338 _2rdacarrier
_avolumen
_bnc